000 00675nam a2200229 a 4500
001 000022742
005 20200930021753.0
008 101117s1982 mx r 000 | spa d
020 _a9682300096
020 _a9682307643
040 _aDO-SdBNP
_bspa
_cBNPHU
082 _axxxx
_bA832
245 0 0 _aAsia contemporánea /
_ccompilado por Lucien Bianco.
250 _a3a ed.
260 _aMéxico D. F. :
_bSiglo Veintiuno,
_c1982.
300 _av. ;
_c18 cm.
490 1 _aHistoria universal, siglo XXI
_v33
504 _aBibliografía: p.315-333
700 1 _aLucien Bianco,
_d1930-
_ecomp.
_946729
830 0 _aHistoria universal, siglo XXI
_v33
_946730
049 _aBNGR
999 _c22239
_d22239